[Event "COL-chT Rapid (Women)"]
[Site "Santa Marta"]
[Date "2022.11.02"]
[Round "1.3"]
[White "Chirivi Castiblanco, Jenny Astrid"]
[Black "Perez Herrera, Laura Patricia"]
[Result "1-0"]
[WhiteElo "2021"]
[BlackElo "1582"]
[PlyCount "55"]
[EventDate "2022.11.02"]
[EventType "team-swiss"]
[EventRounds "7"]
[EventCountry "COL"]
[SourceTitle "CBM 211 Extra"]
[Source "ChessBase"]
[SourceDate "2023.01.31"]
[SourceVersion "1"]
[SourceVersionDate "2023.01.31"]
[SourceQuality "1"]
[WhiteTeam "Antioquia (W)"]
[BlackTeam "Magdalena (W)"]
[WhiteTeamCountry "COL"]
[BlackTeamCountry "COL"]

1. d4 d5 2. c4 e6 3. Nc3 Nf6 4. cxd5 Nxd5 5. e4 Nxc3 6. bxc3 Nc6 7. Nf3 Be7 8. Bd3 a6 9. 0-0 b5 10. e5 Bb7 11. Qe2 0-0 12. Rd1 Na5 13. Bf4 Bd5 14. Nd2 c5 15. Qh5 g6 16. Qg4 cxd4 17. cxd4 Qb6 18. Be3 Nc6 19. Ne4 Qb7 20. Nf6+ Bxf6 21. exf6 Rfd8 22. Qg5 Kf8 23. Qh6+ Ke8 24. Qxh7 e5 25. Bxg6 Nb4 26. dxe5 Nc2 27. e6 Nxa1 28. Qg8# 1-0

[Event "Costa Atlantica Univ La Guajira"]
[Site "Riohacha"]
[Date "2013.09.02"]
[Round "2.4"]
[White "Arango, Maria Carolina"]
[Black "Perez Herrera, Laura Patricia"]
[Result "1-0"]
[WhiteElo "1725"]
[BlackElo "1600"]
[PlyCount "57"]
[EventDate "2013.09.02"]
[EventType "swiss"]
[EventRounds "6"]
[EventCountry "COL"]
[SourceTitle "EXT 2024"]
[Source "ChessBase"]
[SourceDate "2023.10.10"]
[SourceVersion "1"]
[SourceVersionDate "2023.10.10"]
[SourceQuality "1"]

1. e4 e5 2. Nf3 Nf6 3. Nxe5 d6 4. Nf3 Nxe4 5. d4 d5 6. Bd3 Nc6 7. 0-0 Bd6 8. Nbd2 Bf5 9. Re1 Qe7 10. c4 Nb4 11. Bb1 0-0-0 12. cxd5 Nxd5 13. Bxe4 Bxe4 14. Nxe4 Bb4 15. Bd2 Bxd2 16. Qxd2 Rhe8 17. Nc3 Qd7 18. Rxe8 Rxe8 19. Nxd5 Qxd5 20. Qg5 Qe4 21. Qd2 h6 22. Re1 Qc6 23. Rxe8+ Qxe8 24. Qe3 Qb5 25. h3 b6 26. b3 Kd8 27. Ne5 Qd5 28. Qf3 Qxd4 29. Nc6+ 1-0